[Event "Guanabacoa"]
[Site "Guanabacoa"]
[Date "1999.??.??"]
[Round "?"]
[White "Pulido Alvarez, Ariel"]
[Black "Rodriguez, Pedro"]
[Result "0-1"]
[WhiteElo "2205"]
[BlackElo "2373"]
[PlyCount "112"]
[EventDate "1999.??.??"]
[EventType "tourn"]
[EventRounds "10"]
[EventCountry "CUB"]
[SourceTitle "EXT 2003"]
[Source "ChessBase"]
[SourceDate "2002.11.25"]
[SourceVersion "1"]
[SourceVersionDate "2002.11.25"]
[SourceQuality "1"]

1. e4 c5 2. c3 d6 3. d4 Nf6 4. Bd3 Nc6 5. Nf3 e5 6. dxe5 dxe5 7. 0-0 Qc7 8. Bg5 Be7 9. Nbd2 0-0 10. a4 Be6 11. Qe2 Ne8 12. Nc4 f6 13. Bc1 Rf7 14. Nh4 Nd6 15. Ne3 Bf8 16. Nd5 Bxd5 17. exd5 Ne7 18. f4 c4 19. Bc2 e4 20. Bxe4 Nxe4 21. Qxe4 Qc5+ 22. Be3 Qxd5 23. Qxd5 Nxd5 24. Bd4 Re7 25. g3 Rae8 26. Nf3 Ne3 27. Rf2 Ng4 28. Rd2 a6 29. h3 Ne3 30. Re1 Nf5 31. Rxe7 Bxe7 32. Bf2 Nd6 33. Rd4 Rc8 34. Nd2 Kf7 35. f5 Nxf5 36. Rxc4 Rxc4 37. Nxc4 Ke6 38. Nd2 Kd5 39. Kg2 Nd6 40. Kf3 Nc4 41. Nxc4 Kxc4 42. Ke4 Bd6 43. g4 Kb3 44. Kd5 Bc7 45. Ke6 Be5 46. a5 Kxb2 47. c4 Kb3 48. c5 Kb4 49. Kd7 Kb5 50. Kc8 Kc6 51. Be1 Bc7 52. Bc3 g6 53. h4 f5 54. gxf5 gxf5 55. Be1 f4 56. h5 f3 0-1

[Event "CUB-ch sf"]
[Site "Cuba"]
[Date "1999.??.??"]
[Round "?"]
[White "Rodriguez, Pedro"]
[Black "Delgado Ramirez, Neuris"]
[Result "0-1"]
[WhiteElo "2370"]
[BlackElo "2415"]
[PlyCount "116"]
[EventDate "1999.??.??"]
[EventType "tourn"]
[EventRounds "11"]
[EventCountry "CUB"]
[SourceTitle "EXT 2004"]
[Source "ChessBase"]
[SourceDate "2003.11.25"]
[SourceVersion "1"]
[SourceVersionDate "2003.11.25"]
[SourceQuality "1"]

1. e4 e5 2. Nf3 Nf6 3. Bc4 Nxe4 4. Nc3 Nd6 5. Bb3 Nc6 6. Qe2 Be7 7. Nxe5 0-0 8. Nxc6 dxc6 9. 0-0 Nf5 10. Re1 Bd6 11. Ne4 Nd4 12. Qe3 Be6 13. c3 Nxb3 14. axb3 Bxb3 15. Nxd6 Qxd6 16. Rxa7 Rxa7 17. Qxa7 b6 18. Qa3 Qxa3 19. bxa3 Be6 20. d4 Ra8 21. Bf4 Ra7 22. Ra1 Kf8 23. Kf1 Ke7 24. Ke2 Bc4+ 25. Kd2 Kd7 26. Kc2 Ra5 27. Kb2 Rb5+ 28. Kc2 Be6 29. a4 Bf5+ 30. Kd2 Rb2+ 31. Ke1 Be4 32. a5 bxa5 33. Rxa5 h6 34. Ra7 Bxg2 35. Bxc7 Ke6 36. Bd8 Bd5 37. Re7+ Kf5 38. Re2 Rb1+ 39. Kd2 Kg4 40. Re3 Rb2+ 41. Ke1 g5 42. Bf6 Rb1+ 43. Ke2 Bc4+ 44. Kd2 Rf1 45. Rg3+ Kf5 46. Rf3+ Kg6 47. Be5 f5 48. Bc7 f4 49. Bb6 Bd5 50. Rh3 Bg2 51. Rd3 Be4 52. Rh3 Rxf2+ 53. Ke1 Rb2 54. Bc5 f3 55. d5 cxd5 56. Kf1 h5 57. Be3 g4 58. Rh4 Bd3+ 0-1

[Event "Havana Provincial"]
[Site "Havana"]
[Date "1999.??.??"]
[Round "?"]
[White "Rodriguez, Pedro"]
[Black "Garcia Carey, Osmel"]
[Result "1-0"]
[WhiteElo "2375"]
[BlackElo "2350"]
[PlyCount "75"]
[EventDate "1999.??.??"]
[EventType "tourn"]
[EventRounds "15"]
[EventCountry "CUB"]
[SourceTitle "EXT 2000"]
[Source "ChessBase"]
[SourceDate "1999.11.16"]
[SourceVersion "1"]
[SourceVersionDate "1999.11.16"]
[SourceQuality "1"]

1. e4 e6 2. Nc3 a6 3. Nf3 c5 4. g3 b5 5. Bg2 Bb7 6. d3 d6 7. 0-0 Nf6 8. Re1 Be7 9. a4 b4 10. Ne2 0-0 11. Nd2 Nc6 12. f4 Qc7 13. Nf1 Rae8 14. h3 d5 15. e5 Nd7 16. Kh1 f6 17. exf6 Nxf6 18. Ne3 Bd6 19. Ng1 Kh8 20. Nf3 Qd7 21. Nf1 e5 22. fxe5 Nxe5 23. Bf4 d4 24. Ng5 Bxg2+ 25. Kxg2 Qc6+ 26. Kg1 h6 27. Ne4 Nd5 28. Bxe5 Rxe5 29. Qg4 Ref5 30. Qg6 R5f6 31. Nxf6 Nxf6 32. Re6 c4 33. Rae1 c3 34. Rxf6 gxf6 35. Qxh6+ Kg8 36. Qg6+ Kh8 37. b3 Bf4 38. Re7 1-0

[Event "Havana Provincial"]
[Site "Havana"]
[Date "1999.??.??"]
[Round "?"]
[White "Rodriguez, Pedro"]
[Black "Li Torres, Manuel Eugenio"]
[Result "1-0"]
[WhiteElo "2373"]
[BlackElo "2312"]
[PlyCount "97"]
[EventDate "1999.??.??"]
[EventType "tourn"]
[EventRounds "15"]
[EventCountry "CUB"]
[SourceTitle "EXT 2000"]
[Source "ChessBase"]
[SourceDate "1999.11.16"]
[SourceVersion "1"]
[SourceVersionDate "1999.11.16"]
[SourceQuality "1"]

1. e4 g6 2. d4 Bg7 3. Nc3 c6 4. g3 d6 5. Bg2 Nf6 6. Nge2 0-0 7. 0-0 Nbd7 8. h3 e5 9. Be3 Qc7 10. Qd2 b5 11. f4 exd4 12. Nxd4 Bb7 13. Ndxb5 cxb5 14. Nxb5 Qb8 15. Nxd6 Bc6 16. e5 Bxg2 17. Qxg2 Ne8 18. Nxe8 Rxe8 19. Rad1 Qc7 20. b3 Bf8 21. c4 Rab8 22. Rd3 Nc5 23. Rd5 a5 24. Qf2 Ne4 25. Qg2 Nf6 26. Rd3 Nd7 27. Rfd1 Nc5 28. Bxc5 Qxc5+ 29. Qf2 Qa3 30. Qc2 Rec8 31. Rd7 Qc5+ 32. Kh2 a4 33. R1d5 axb3 34. axb3 Qe3 35. Rd3 Qe1 36. Rd1 Qb4 37. R1d3 Ra8 38. Qg2 Ra1 39. h4 Rc5 40. h5 Qe1 41. hxg6 hxg6 42. Rd2 Qb1 43. Qf3 Rca5 44. Kh3 Qh1+ 45. Qxh1 Rxh1+ 46. Kg4 Rb1 47. Rb7 Ra3 48. Rd3 Bc5 49. Rd8+ 1-0

[Event "Havana Provincial"]
[Site "Havana"]
[Date "1999.??.??"]
[Round "?"]
[White "Rodriguez, Pedro"]
[Black "Ravelo Gil, Eddy"]
[Result "1/2-1/2"]
[WhiteElo "2373"]
[BlackElo "2331"]
[PlyCount "23"]
[EventDate "1999.??.??"]
[EventType "tourn"]
[EventRounds "15"]
[EventCountry "CUB"]
[SourceTitle "EXT 2000"]
[Source "ChessBase"]
[SourceDate "1999.11.16"]
[SourceVersion "1"]
[SourceVersionDate "1999.11.16"]
[SourceQuality "1"]

1. d4 Nf6 2. g3 e5 3. dxe5 Ng4 4. Qd5 Nc6 5. Nf3 Qe7 6. Bd2 Qc5 7. Qxc5 Bxc5 8. e3 0-0 9. Bc3 Re8 10. Nbd2 Ngxe5 11. Nxe5 Nxe5 12. Bg2 1/2-1/2

[Event "Capablanca Memorial Premier I 32nd"]
[Site "Cienfuegos"]
[Date "1997.??.??"]
[Round "3"]
[White "De la Paz Perdomo, Frank"]
[Black "Rodriguez, Pedro"]
[Result "1/2-1/2"]
[WhiteElo "2395"]
[BlackElo "2385"]
[PlyCount "20"]
[EventDate "1997.05.05"]
[EventType "tourn"]
[EventRounds "13"]
[EventCountry "CUB"]
[EventCategory "8"]
[SourceTitle "CBM 058 Extra"]
[Source "ChessBase"]
[SourceDate "1997.07.29"]
[SourceVersion "1"]
[SourceVersionDate "1997.07.29"]
[SourceQuality "1"]

1. e4 b6 2. d4 Bb7 3. f3 e6 4. Be3 c5 5. c3 Nf6 6. Nh3 d6 7. Be2 Be7 8. 0-0 0-0 9. Nd2 Qc7 10. Bd3 Rc8 1/2-1/2

[Event "Capablanca Memorial Premier I 32nd"]
[Site "Cienfuegos"]
[Date "1997.??.??"]
[Round "8"]
[White "Luther, Thomas"]
[Black "Rodriguez, Pedro"]
[Result "1-0"]
[WhiteElo "2520"]
[BlackElo "2385"]
[PlyCount "119"]
[EventDate "1997.05.05"]
[EventType "tourn"]
[EventRounds "13"]
[EventCountry "CUB"]
[EventCategory "8"]
[SourceTitle "CBM 058 Extra"]
[Source "ChessBase"]
[SourceDate "1997.07.29"]
[SourceVersion "1"]
[SourceVersionDate "1997.07.29"]
[SourceQuality "1"]

1. e4 c5 2. Nf3 d6 3. d4 cxd4 4. Nxd4 Nf6 5. Nc3 g6 6. Be3 Bg7 7. f3 0-0 8. Qd2 Nc6 9. 0-0-0 Nxd4 10. Bxd4 Qa5 11. Kb1 Rd8 12. g4 Be6 13. g5 Nh5 14. Bxg7 Nxg7 15. Nd5 Qxd2 16. Rxd2 Kf8 17. Be2 Nh5 18. Rd4 Bh3 19. Rhd1 Rdc8 20. f4 Ng7 21. Rb4 Rab8 22. Rd3 Be6 23. Ra3 a6 24. Rab3 b5 25. a4 bxa4 26. Rxb8 axb3 27. Rxb3 a5 28. Rb5 Rc5 29. Rb8+ Rc8 30. Rb5 Rc5 31. Rxc5 dxc5 32. Nc7 Bc8 33. Kc1 e5 34. fxe5 Bb7 35. Bd3 Ke7 36. Kd2 c4 37. Bxc4 Bxe4 38. c3 Nf5 39. b4 axb4 40. cxb4 h6 41. gxh6 Nxh6 42. Ke3 Bb7 43. Bd5 Bc8 44. b5 Ng4+ 45. Kf4 Nxh2 46. b6 Ng4 47. b7 g5+ 48. Ke4 f5+ 49. Kd4 Bxb7 50. Bxb7 Nh6 51. Nd5+ Kd7 52. Nf6+ Ke7 53. Bd5 Kf8 54. e6 Ke7 55. Ke5 g4 56. Bc4 g3 57. Nd5+ Kf8 58. e7+ Kf7 59. Bb5 Ng4+ 60. Kd6 1-0

[Event "Ciego de Avila"]
[Site "Ciego de Avila"]
[Date "1996.??.??"]
[Round "12"]
[White "Minero Pineda, Sergio"]
[Black "Rodriguez, Pedro"]
[Result "1/2-1/2"]
[WhiteElo "2405"]
[BlackElo "2400"]
[PlyCount "29"]
[EventDate "1996.11.01"]
[EventType "tourn"]
[EventRounds "13"]
[EventCountry "CUB"]
[EventCategory "5"]
[SourceTitle "CBM 055 Extra"]
[Source "ChessBase"]
[SourceDate "1997.01.01"]
[SourceVersion "1"]
[SourceVersionDate "1997.01.01"]
[SourceQuality "1"]

1. d4 Nf6 2. c4 d6 3. Nf3 g6 4. g3 Bg7 5. Bg2 c6 6. Nc3 Bf5 7. 0-0 0-0 8. Nh4 Bc8 9. Nf3 Bf5 10. Nh4 Bc8 11. e4 e5 12. Nf3 Bg4 13. Be3 Qe7 14. h3 Bxf3 15. Qxf3 1/2-1/2

[Event "Ciego de Avila"]
[Site "Ciego de Avila"]
[Date "1996.??.??"]
[Round "5"]
[White "Moreno, Alejandro"]
[Black "Rodriguez, Pedro"]
[Result "1-0"]
[WhiteElo "2385"]
[BlackElo "2400"]
[PlyCount "117"]
[EventDate "1996.11.01"]
[EventType "tourn"]
[EventRounds "13"]
[EventCountry "CUB"]
[EventCategory "5"]
[SourceTitle "CBM 055 Extra"]
[Source "ChessBase"]
[SourceDate "1997.01.01"]
[SourceVersion "1"]
[SourceVersionDate "1997.01.01"]
[SourceQuality "1"]

1. e4 c5 2. Nf3 Nc6 3. Bb5 g6 4. Bxc6 dxc6 5. h3 Bg7 6. d3 Nf6 7. Nc3 b6 8. Be3 Nd7 9. Qd2 h6 10. 0-0-0 e5 11. Nh2 Nf8 12. f4 exf4 13. Bxf4 Ne6 14. Be3 Nd4 15. Rdf1 Be6 16. Ng4 Qe7 17. Kb1 g5 18. Rf2 0-0-0 19. Rhf1 c4 20. Nf6 Qb4 21. Ncd5 Qxd2 22. Rxd2 cxd5 23. Bxd4 dxe4 24. dxe4 c3 25. Bxc3 Rxd2 26. Bxd2 Rd8 27. Kc1 Rd4 28. Bc3 Bc4 29. Rf3 Bxf6 30. Rxf6 Rxe4 31. Rxh6 Bf1 32. g4 Re3 33. Rf6 Bxh3 34. Rxf7 Kb8 35. Rg7 Bxg4 36. Rxg5 Bd7 37. Rg7 Kc8 38. Bd2 Re4 39. b3 Rg4 40. Rf7 Rg1+ 41. Kb2 Rg2 42. Be3 Re2 43. Bd4 Re6 44. a4 a6 45. c4 Rc6 46. Rg7 Be6 47. Kc3 b5 48. axb5 axb5 49. c5 Bd7 50. Kb4 Ra6 51. Be5 Re6 52. Bd6 Re3 53. Ka5 Rxb3 54. Kb6 Kd8 55. Rg8+ Be8 56. c6 Rc3 57. Bc5 Rh3 58. c7+ Kd7 59. Kb7 1-0

[Event "Ciego de Avila"]
[Site "Ciego de Avila"]
[Date "1996.??.??"]
[Round "11"]
[White "Rios Parra, Alejandro"]
[Black "Rodriguez, Pedro"]
[Result "1-0"]
[WhiteElo "2335"]
[BlackElo "2400"]
[PlyCount "63"]
[EventDate "1996.11.01"]
[EventType "tourn"]
[EventRounds "13"]
[EventCountry "CUB"]
[EventCategory "5"]
[SourceTitle "CBM 055 Extra"]
[Source "ChessBase"]
[SourceDate "1997.01.01"]
[SourceVersion "1"]
[SourceVersionDate "1997.01.01"]
[SourceQuality "1"]

1. e4 c5 2. Nf3 d6 3. d4 cxd4 4. Nxd4 Nf6 5. Nc3 Nc6 6. f4 e6 7. Be3 a6 8. Qf3 Qc7 9. 0-0-0 Be7 10. Rg1 Nxd4 11. Rxd4 b5 12. g4 d5 13. exd5 Bb7 14. f5 Nxd5 15. fxe6 fxe6 16. Nxb5 Qa5 17. Nc3 Rb8 18. Ra4 Nxc3 19. Rxa5 Bxf3 20. bxc3 0-0 21. Rxa6 Bxg4 22. Bc4 Bf5 23. Bd4 Bf6 24. Bxe6+ Bxe6 25. Rxe6 Bxd4 26. cxd4 Rf2 27. Re7 g6 28. Rd1 Rxh2 29. d5 Rc8 30. Rd2 Rh1+ 31. Kb2 Rb8+ 32. Kc3 1-0

[Event "Ciego de Avila"]
[Site "Ciego de Avila"]
[Date "1996.??.??"]
[Round "8"]
[White "Rodriguez, Pedro"]
[Black "Guedez, Armando"]
[Result "1-0"]
[WhiteElo "2400"]
[BlackElo "2365"]
[PlyCount "117"]
[EventDate "1996.11.01"]
[EventType "tourn"]
[EventRounds "13"]
[EventCountry "CUB"]
[EventCategory "5"]
[SourceTitle "CBM 055 Extra"]
[Source "ChessBase"]
[SourceDate "1997.01.01"]
[SourceVersion "1"]
[SourceVersionDate "1997.01.01"]
[SourceQuality "1"]

1. Nf3 d5 2. d4 Nf6 3. c4 e6 4. Nc3 Nbd7 5. Bg5 c6 6. e3 Qa5 7. Bxf6 Nxf6 8. Nd2 Bb4 9. Qc2 0-0 10. Bd3 c5 11. Nb3 Qc7 12. dxc5 dxc4 13. Bxc4 Bxc5 14. Nxc5 Qxc5 15. Qe2 Bd7 16. 0-0 Rac8 17. Bd3 Rfd8 18. Rac1 Bc6 19. Rfd1 Qg5 20. f3 h5 21. e4 h4 22. Qd2 Qh5 23. Qe3 a6 24. Rd2 Nd7 25. Rdc2 Qc5 26. Nd1 Qxe3+ 27. Nxe3 Ne5 28. Be2 Bd7 29. Kf2 Rxc2 30. Rxc2 Bc6 31. Nc4 Nxc4 32. Bxc4 Ra8 33. Ke3 Kf8 34. Kf4 Ke7 35. Kg4 h3 36. Kxh3 Kd7 37. Kg4 Rh8 38. h4 Rh6 39. e5 Rh8 40. h5 Rh6 41. Rd2+ Ke7 42. Rc2 Kd7 43. Bd3 Rh8 44. Kg5 Rh6 45. Rc4 Ke7 46. Be4 Bxe4 47. Rxe4 Rh8 48. Rb4 Rb8 49. Rb6 Kd7 50. h6 gxh6+ 51. Kf6 Ke8 52. g4 Kf8 53. f4 Kg8 54. b3 Kf8 55. a3 Kg8 56. Rd6 Rc8 57. Rd7 Rc3 58. Rd8+ Kh7 59. Kxf7 1-0

[Event "CUB-ch"]
[Site "Matanzas"]
[Date "1994.??.??"]
[Round "?"]
[White "Mendez Fortes, Eduardo Jesus"]
[Black "Rodriguez, Pedro"]
[Result "1/2-1/2"]
[WhiteElo "2365"]
[BlackElo "2320"]
[PlyCount "32"]
[EventDate "1994.??.??"]
[EventType "swiss"]
[EventRounds "13"]
[EventCountry "CUB"]
[SourceTitle "EXT 2003"]
[Source "ChessBase"]
[SourceDate "2002.11.25"]
[SourceVersion "1"]
[SourceVersionDate "2002.11.25"]
[SourceQuality "1"]

1. e4 c5 2. Nf3 d6 3. d4 cxd4 4. Nxd4 Nf6 5. Nc3 g6 6. Be2 Bg7 7. 0-0 0-0 8. Kh1 Nc6 9. Nb3 a5 10. a4 Nb4 11. f4 Qb6 12. f5 Bd7 13. Bg5 Rac8 14. e5 dxe5 15. Bxf6 Bxf6 16. Qxd7 Nxc2 1/2-1/2

[Event "Isla Guitart op"]
[Site "Isla Guitart "]
[Date "1994.??.??"]
[Round "?"]
[White "Rodriguez, Pedro"]
[Black "Barrios, Felix"]
[Result "1-0"]
[WhiteElo "2320"]
[BlackElo "2315"]
[PlyCount "77"]
[EventDate "1994.??.??"]
[EventType "swiss"]
[EventRounds "9"]
[EventCountry "CUB"]
[SourceTitle "EXT 2000"]
[Source "ChessBase"]
[SourceDate "1999.11.16"]
[SourceVersion "1"]
[SourceVersionDate "1999.11.16"]
[SourceQuality "1"]

1. e4 c5 2. Nc3 e6 3. d3 d5 4. exd5 exd5 5. g3 Nf6 6. Bg5 Be7 7. Bg2 d4 8. Bxf6 Bxf6 9. Ne4 0-0 10. Ne2 Nc6 11. 0-0 Be7 12. Nf4 Re8 13. Qh5 g6 14. Qd5 Bf5 15. Rae1 Rb8 16. h4 Kg7 17. Nh5+ Kf8 18. Nf4 Bxe4 19. Rxe4 Qxd5 20. Nxd5 Bd8 21. Rfe1 Rxe4 22. Rxe4 h6 23. Bh3 b6 24. h5 Ne7 25. Nf6 Kg7 26. Ne8+ Kf8 27. hxg6 fxg6 28. Nd6 Bc7 29. Nb5 Rb7 30. Bg2 a6 31. Re6 axb5 32. Bxb7 Kf7 33. Re1 b4 34. b3 Kf6 35. a3 bxa3 36. Ra1 h5 37. Rxa3 h4 38. gxh4 Nf5 39. Ra8 1-0

[Event "Havana-B"]
[Site "Havana"]
[Date "1992.??.??"]
[Round "?"]
[White "Rodriguez, Pedro"]
[Black "Aldama Degurnay, Dionisio"]
[Result "1/2-1/2"]
[WhiteElo "2290"]
[BlackElo "2141"]
[PlyCount "111"]
[EventDate "1992.??.??"]
[EventType "tourn"]
[EventRounds "9"]
[EventCountry "CUB"]
[SourceTitle "EXT 1999"]
[Source "ChessBase"]
[SourceDate "1998.11.16"]
[SourceVersion "1"]
[SourceVersionDate "1998.11.16"]
[SourceQuality "1"]

1. e4 e6 2. d4 c5 3. dxc5 Bxc5 4. Bd3 Nc6 5. Nf3 Qc7 6. 0-0 Be7 7. Re1 d6 8. Nc3 a6 9. Qe2 Nf6 10. Bg5 0-0 11. Rad1 Ne5 12. Nxe5 dxe5 13. Bc4 b5 14. Bb3 Bb7 15. f3 Rfd8 16. Be3 Bb4 17. Rxd8+ Rxd8 18. Rd1 Rd7 19. Rxd7 Nxd7 20. Nd1 Bc5 21. c3 Qd6 22. Nf2 Qb6 23. Bxc5 Qxc5 24. Qd2 Bc6 25. Kf1 h6 26. Nd3 Qd6 27. Qe3 a5 28. a3 Kf8 29. Bc2 f5 30. b4 axb4 31. axb4 Ke7 32. Nf2 f4 33. Qe2 Qc7 34. Bb3 Qa7 35. Qa2 Qe3 36. Nd1 Qd3+ 37. Ke1 Qd6 38. Qa6 Qc7 39. c4 bxc4 40. Qxc4 Qb6 41. Qxe6+ Kd8 42. Qc4 Bb5 43. Qg8+ Kc7 44. Kd2 Qd4+ 45. Kc1 Qxb4 46. Bc2 Qc5 47. Kb2 g5 48. Nc3 Bc4 49. Nd5+ Bxd5 50. exd5 Qd4+ 51. Kb1 Qg1+ 52. Kb2 Qd4+ 53. Kb1 Qb6+ 54. Kc1 Qe3+ 55. Kb2 Qd4+ 56. Kb1 1/2-1/2

[Event "Havana-B"]
[Site "Havana"]
[Date "1992.??.??"]
[Round "?"]
[White "Rodriguez, Pedro"]
[Black "Palao, Maricela"]
[Result "1-0"]
[WhiteElo "2290"]
[BlackElo "2150"]
[PlyCount "97"]
[EventDate "1992.??.??"]
[EventType "tourn"]
[EventRounds "9"]
[EventCountry "CUB"]
[SourceTitle "EXT 1999"]
[Source "ChessBase"]
[SourceDate "1998.11.16"]
[SourceVersion "1"]
[SourceVersionDate "1998.11.16"]
[SourceQuality "1"]

1. e4 e5 2. Nf3 Nc6 3. Bb5 Bc5 4. c3 Nf6 5. 0-0 0-0 6. d4 Bb6 7. Bg5 h6 8. Bxf6 Qxf6 9. Bxc6 Qxc6 10. Nxe5 Qxe4 11. Nd2 Qd5 12. Ndc4 d6 13. Ne3 Qe4 14. N5c4 f5 15. Re1 f4 16. Nc2 Qg6 17. f3 d5 18. Nxb6 Qxb6 19. Nb4 Be6 20. Nd3 Rae8 21. Qd2 g5 22. Re5 Bf5 23. Rae1 Qg6 24. Rxe8 Rxe8 25. Ne5 Qd6 26. b4 Re6 27. h4 Qe7 28. Kf2 c6 29. a3 Kg7 30. Rg1 Kf8 31. Kf1 Rf6 32. hxg5 hxg5 33. g4 Bh7 34. Rh1 Kg8 35. Rh5 Re6 36. Qh2 Qg7 37. Kg1 Rf6 38. a4 Re6 39. b5 cxb5 40. axb5 Rb6 41. Qa2 Rxb5 42. c4 Rb1+ 43. Kg2 Rc1 44. Qxa7 Qe7 45. c5 Kg7 46. Rxg5+ Kf6 47. Rh5 Rb1 48. Qb8 Bd3 49. Qh8+ 1-0

[Event "CUB-ch"]
[Site "Cuba"]
[Date "1988.??.??"]
[Round "?"]
[White "Queipo Caballero, Guillermo"]
[Black "Rodriguez, Pedro"]
[Result "1-0"]
[WhiteElo "2275"]
[BlackElo "2315"]
[PlyCount "149"]
[EventDate "1988.10.??"]
[EventType "swiss"]
[EventRounds "10"]
[EventCountry "CUB"]
[SourceTitle "TD"]
[Source "ChessBase"]
[SourceDate "1994.03.01"]
[SourceVersion "1"]
[SourceVersionDate "1994.03.01"]
[SourceQuality "1"]

1. d4 Nf6 2. Nf3 d6 3. g3 Nbd7 4. c4 e5 5. Nc3 Be7 6. Bg2 0-0 7. 0-0 c6 8. Qc2 Qc7 9. b3 Re8 10. Bb2 Nf8 11. Rfd1 Ng6 12. Rac1 Bf8 13. e4 Bg4 14. h3 Bxf3 15. Bxf3 Be7 16. Na4 Qc8 17. Bg2 Nd7 18. Qd2 Nb6 19. Nxb6 axb6 20. a4 h6 21. dxe5 dxe5 22. Qd7 Qxd7 23. Rxd7 Rab8 24. h4 Nf8 25. Rd3 f6 26. Bh3 Kf7 27. Rf3 Bb4 28. Rd1 Ke7 29. Rfd3 Red8 30. Rxd8 Rxd8 31. Rxd8 Kxd8 32. Kg2 Ng6 33. h5 Ne7 34. f4 Bd6 35. Kf3 c5 36. Be6 Nc6 37. Bd5 Na5 38. Kg4 Nxb3 39. fxe5 fxe5 40. Kf5 Nd4+ 41. Kg6 Be7 42. Kxg7 Bg5 43. Bc3 Ke7 44. Kg6 Kd6 45. Bxb7 Ne2 46. Be1 Nd4 47. Bd5 Nc2 48. a5 bxa5 49. Bxa5 Nd4 50. Bb6 Ne2 51. Ba7 Nxg3 52. Bb8+ Ke7 53. Bxe5 Ne2 54. Kf5 Nd4+ 55. Kg4 Ne2 56. Bc7 Bd2 57. e5 Kd7 58. Bd6 Bc3 59. Be4 Nd4 60. Bxc5 Ne6 61. Bd6 Ng5 62. Bd5 Ne6 63. Kf5 Ng7+ 64. Kg6 Ne8 65. Kxh6 Nxd6 66. exd6 Kxd6 67. Kh7 Ke7 68. Kg8 Bd2 69. c5 Bf4 70. Kg7 Be3 71. c6 Bd4+ 72. Kg6 Kd6 73. h6 Be5 74. h7 Ke7 75. Kf5 1-0